<?xml version="1.0" encoding="UTF-8"?>
<record
    xmlns:xsi="http://www.w3.org/2001/XMLSchema-instance"
    xsi:schemaLocation="http://www.loc.gov/MARC21/slim http://www.loc.gov/standards/marcxml/schema/MARC21slim.xsd"
    xmlns="http://www.loc.gov/MARC21/slim">

  <leader>01983cam a2200277 a 4500</leader>
  <controlfield tag="001">193206</controlfield>
  <controlfield tag="003">OSt</controlfield>
  <controlfield tag="005">20220606084604.0</controlfield>
  <controlfield tag="008">890515s19791978sp      r     00010 spa d</controlfield>
  <datafield tag="020" ind1=" " ind2=" ">
    <subfield code="a">9788491815433</subfield>
  </datafield>
  <datafield tag="040" ind1=" " ind2=" ">
    <subfield code="a">la </subfield>
    <subfield code="c">la</subfield>
  </datafield>
  <datafield tag="041" ind1="0" ind2=" ">
    <subfield code="a">spa</subfield>
  </datafield>
  <datafield tag="082" ind1="0" ind2="4">
    <subfield code="a">AC</subfield>
    <subfield code="b">HERc</subfield>
  </datafield>
  <datafield tag="100" ind1="1" ind2=" ">
    <subfield code="a">Hesse, Hermann, </subfield>
    <subfield code="d">1877-1962.</subfield>
  </datafield>
  <datafield tag="245" ind1="1" ind2="0">
    <subfield code="a">Cuentos / </subfield>
    <subfield code="c">Hermann Hesse ; traductores Feliu Formosa ; Manuel Olasagasti.</subfield>
  </datafield>
  <datafield tag="260" ind1=" " ind2=" ">
    <subfield code="a">Madrid : </subfield>
    <subfield code="b">Alianza Editorial, </subfield>
    <subfield code="c">2019.</subfield>
  </datafield>
  <datafield tag="300" ind1=" " ind2=" ">
    <subfield code="a">451 pag.</subfield>
    <subfield code="c">18 cm.</subfield>
  </datafield>
  <datafield tag="500" ind1=" " ind2=" ">
    <subfield code="a">Resumen de CUENTOS
La presente selecci&#xF3;n de cuentos de Hermann Hesse (1877-1962), re&#xFA;ne los m&#xE1;s notables y destacados de entre los muchos que escribi&#xF3; a lo largo de su larga vida. El conjunto pone de relieve las l&#xED;neas de fuerza de un universo narrativo articulado por los mismos temas y obsesiones presentes en sus grandes novelas, como "El lobo estepario", "Demian", "Bajo las ruedas" o "El juego de los abalorios", todas ellas publicadas en esta misma colecci&#xF3;n, coloreado por una inconfundible sensibilidad est&#xE9;tica y animado por los valores &#xE9;ticos y humanistas que caracterizan toda su obra.
La presente selecci&#xF3;n de cuentos de Hermann Hesse (1877-1962), re&#xFA;ne los m&#xE1;s notables y destacados de entre los muchos que escribi&#xF3; a lo largo de su larga vida. El conjunto pone de relieve las l&#xED;neas de fuerza de un universo narrativo articulado por los mismos temas y obsesiones presentes en sus grandes novelas, como "El lobo estepario", "Demian", "Bajo las ruedas" o "El juego de los abalorios", todas ellas publicadas en esta misma colecci&#xF3;n, coloreado por una inconfundible sensibilidad est&#xE9;tica y animado por los valores &#xE9;ticos y humanistas que caracterizan toda su obra.</subfield>
  </datafield>
  <datafield tag="504" ind1=" " ind2=" ">
    <subfield code="a">Incluye bibliograf&#xFFFD;a.</subfield>
  </datafield>
  <datafield tag="534" ind1=" " ind2=" ">
    <subfield code="p">T&#xFFFD;tulo original. </subfield>
    <subfield code="t">Die Erzablungen. Zweiter band.</subfield>
  </datafield>
  <datafield tag="650" ind1=" " ind2=" ">
    <subfield code="a">Novela alemana.</subfield>
  </datafield>
  <datafield tag="700" ind1="1" ind2=" ">
    <subfield code="a">Formosa, Feliu, </subfield>
    <subfield code="d">1934-, </subfield>
    <subfield code="e">tr.</subfield>
  </datafield>
  <datafield tag="700" ind1="1" ind2=" ">
    <subfield code="a">Olasagasti, Manuel, </subfield>
    <subfield code="e">tr.</subfield>
  </datafield>
  <datafield tag="942" ind1=" " ind2=" ">
    <subfield code="2">ddc</subfield>
    <subfield code="c">BKLIT</subfield>
  </datafield>
  <datafield tag="949" ind1=" " ind2=" ">
    <subfield code="a">n   </subfield>
    <subfield code="b">n</subfield>
  </datafield>
  <datafield tag="999" ind1=" " ind2=" ">
    <subfield code="c">14283</subfield>
    <subfield code="d">14283</subfield>
  </datafield>
  <datafield tag="952" ind1=" " ind2=" ">
    <subfield code="0">0</subfield>
    <subfield code="1">0</subfield>
    <subfield code="2">ddc</subfield>
    <subfield code="4">0</subfield>
    <subfield code="7">0</subfield>
    <subfield code="8">LA</subfield>
    <subfield code="a">BPMOS</subfield>
    <subfield code="b">BPMOS</subfield>
    <subfield code="d">2022-06-06</subfield>
    <subfield code="e">Compra BPSJBM 2022</subfield>
    <subfield code="l">3</subfield>
    <subfield code="m">1</subfield>
    <subfield code="o">AC HERc</subfield>
    <subfield code="p">MOS502345</subfield>
    <subfield code="r">2023-10-03</subfield>
    <subfield code="s">2023-09-15</subfield>
    <subfield code="t">ej 1</subfield>
    <subfield code="w">2022-06-06</subfield>
    <subfield code="y">BKLIT</subfield>
    <subfield code="z">Quince dias</subfield>
  </datafield>
  <datafield tag="952" ind1=" " ind2=" ">
    <subfield code="0">0</subfield>
    <subfield code="1">0</subfield>
    <subfield code="2">ddc</subfield>
    <subfield code="4">0</subfield>
    <subfield code="7">0</subfield>
    <subfield code="8">LA</subfield>
    <subfield code="a">BPMOS</subfield>
    <subfield code="b">BPMOS</subfield>
    <subfield code="d">2022-06-06</subfield>
    <subfield code="e">Compra BPSJBM 2022</subfield>
    <subfield code="l">2</subfield>
    <subfield code="o">AC HERc</subfield>
    <subfield code="p">MOS502346</subfield>
    <subfield code="r">2023-09-15</subfield>
    <subfield code="s">2023-08-14</subfield>
    <subfield code="t">ej 2</subfield>
    <subfield code="w">2022-06-06</subfield>
    <subfield code="y">BKLIT</subfield>
    <subfield code="z">Quince dias</subfield>
  </datafield>
</record>
